[Event "Novosibirsk Polyak Memorial"]
[Site "Novosibirsk"]
[Date "2008.01.25"]
[Round "5"]
[White "Vishnyakov, Igor"]
[Black "Chugaev, Konstantin"]
[Result "1-0"]
[WhiteElo "2170"]
[BlackElo "2056"]
[PlyCount "55"]
[EventDate "2008.01.21"]
[EventType "tourn"]
[EventRounds "9"]
[EventCountry "RUS"]
[SourceTitle "EXT 2010"]
[Source "ChessBase"]
[SourceDate "2010.11.25"]
[SourceVersion "1"]
[SourceVersionDate "2010.11.25"]
[SourceQuality "1"]

1. d4 d5 2. c4 c6 3. Nf3 Nf6 4. Nc3 e6 5. cxd5 exd5 6. Qc2 h6 7. Bf4 Be6 8. e3 Nbd7 9. h3 Be7 10. Bd3 0-0 11. g4 c5 12. g5 hxg5 13. Nxg5 cxd4 14. exd4 Nh5 15. Nxe6 fxe6 16. Be3 Nf4 17. Bh7+ Kh8 18. Rg1 Rc8 19. h4 b5 20. Qd2 e5 21. Bb1 Bxh4 22. Qd1 Qf6 23. Qg4 exd4 24. Bxf4 dxc3 25. Qh5+ Qh6 26. Bxh6 Bxf2+ 27. Ke2 Rfe8+ 28. Be3+ 1-0

[Event "Novosibirsk-ch"]
[Site "Novosibirsk"]
[Date "2007.02.15"]
[Round "2"]
[White "Vershinin, Mikhail1111"]
[Black "Vishnyakov, Igor"]
[Result "0-1"]
[WhiteElo "2082"]
[BlackElo "2191"]
[PlyCount "82"]
[EventDate "2007.02.14"]
[EventType "swiss"]
[EventRounds "9"]
[EventCountry "RUS"]
[SourceTitle "EXT 2008"]
[Source "ChessBase"]
[SourceDate "2007.11.25"]
[SourceVersion "1"]
[SourceVersionDate "2007.11.25"]
[SourceQuality "1"]

1. d4 Nf6 2. Nf3 e6 3. c4 Bb4+ 4. Nbd2 d5 5. e3 0-0 6. a3 Be7 7. Bd3 b6 8. Qc2 Bb7 9. b3 Nbd7 10. Bb2 c5 11. 0-0 Rc8 12. Ne5 b5 13. Nxd7 Qxd7 14. dxc5 dxc4 15. bxc4 Qc6 16. f3 Qxc5 17. Bd4 Qc7 18. Qb2 Rfd8 19. cxb5 Bc5 20. Ne4 Bxe4 21. Bxe4 Bxd4 22. exd4 Qb6 23. Kh1 Rxd4 24. Bc6 Rcd8 25. a4 Qa5 26. Rac1 Rxa4 27. Rfd1 Rf8 28. b6 Rb4 29. Qxb4 Qxb4 30. bxa7 g6 31. Ra1 Qc3 32. Rdc1 Qe5 33. Rab1 Nd5 34. Bb7 Nf4 35. Bc8 Qe2 36. Rg1 Rxc8 37. Rb8 Qa6 38. Rc1 Qxa7 39. Rbxc8+ Kg7 40. g3 Nd5 41. R8c4 Qf2 0-1